Využitie agentskej teórie v riadení sociálneho podniku
Gespeichert in:
| 1. Verfasser: | |
|---|---|
| Weitere Verfasser: | , |
| Format: | Buchkapitel |
| Sprache: | Slowakisch Englisch |
| Schlagworte: | |
| Tags: |
Keine Tags, Fügen Sie das erste Tag hinzu!
|
MARC
| LEADER | 00000nla a2200000 4500 | ||
|---|---|---|---|
| 001 | 0182788 | ||
| 005 | 20240521103316.4 | ||
| 041 | 0 | |a slo | |
| 041 | 0 | |a eng | |
| 044 | |a SK | ||
| 245 | 1 | 0 | |a Využitie agentskej teórie v riadení sociálneho podniku |c Peter Markovič, Zuzana Juhászová, Katarína Grančičová |
| 500 | |a Abstrakt | ||
| 610 | 2 | 0 | |a druhy podnikov |
| 610 | 2 | 0 | |a podnik sociálny |
| 610 | 2 | 0 | |a podnikanie sociálne |
| 610 | 2 | 0 | |a financovanie podnikov |
| 610 | 2 | 0 | |a manažéri |
| 610 | 2 | 0 | |a riadenie |
| 100 | 1 | |a Markovič, Peter, 1974- | |
| 700 | 1 | |a Juhászová, Zuzana, 1970- | |
| 700 | 1 | |a Grančičová, Katarína, 1967- | |